[Event "Berlin-ch Seniors op 37th"]
[Site "Berlin"]
[Date "2021.06.13"]
[Round "6"]
[White "Bremer, Helmut"]
[Black "Taeuber, Helmut"]
[Result "1-0"]
[WhiteElo "1431"]
[BlackElo "1036"]
[PlyCount "39"]
[EventDate "2021.06.08"]
[EventType "swiss"]
[EventRounds "9"]
[EventCountry "GER"]
[SourceTitle "EXT 2022"]
[Source "ChessBase"]
[SourceDate "2021.10.06"]
[SourceVersion "1"]
[SourceVersionDate "2021.10.06"]
[SourceQuality "1"]

1. e4 e5 2. f4 exf4 3. Nf3 Nf6 4. e5 Ne4 5. d3 Ng5 6. Nbd2 Nc6 7. h4 Ne6 8. Nb3 d6 9. d4 dxe5 10. d5 Ncd4 11. dxe6 Nxf3+ 12. Qxf3 Bxe6 13. Qxb7 Bd5 14. Bb5+ Ke7 15. Qa6 Bxg2 16. Rg1 Be4 17. Bd3 Bf3 18. Nd2 Qd4 19. Nxf3 e4 20. Nxd4 1-0